Представление документа в формате RUSMARC

Поле Инд. ПП Название Значение
Тип записи a
Библиографический уровень a
001 Контрольный номер ba743ec9a83d40eaa99531a7d8d2fdab
005 Дата корректировки 20190127081242.9
100 a Данные общей обработки 20181221 ||| 0rusy0189 ca
101 0_ a Язык текста rus
102 a Страна публикации RU
200 1_ f Первые сведения об ответственности Я.Н. Ларионов
a Заглавие Правовое положение иностранных участников арбитражного процесса в Российской Федерации
b Общее обозначение материала Текст
210 1_ d Дата издания 2018
461 _0 1 2000
a Арбитражный и гражданский процесс
463 _0 1 2000
a № 10
v С. 12-15
1 2101
d 2018
1 001ac9ed3b7ea004fb3adcefcf563c81050
606 a Основная рубрика Гражданское процессуальное право
610 0_ a Ключевые слова АРБИТРАЖНЫЙ ПРОЦЕСС
a Ключевые слова ИНОСТРАННЫЕ ГРАЖДАНЕ
a Ключевые слова СТАТУС ПРАВОВОЙ
700 _1 a Фамилия Ларионов
b Имя Я.Н.
801 _0 a Страна RU
b Организация РГУП
c Дата составления 20181221
g Правила каталогизации PSBO
801 _1 a Страна RU
b Организация РГУП
c Дата составления 20181221
g Правила каталогизации PSBO
901 t Тип документа b
w Контрольный № источника ac9ed3b7ea004fb3adcefcf563c81050
905 a Дата ввода 20181221